Kader des 1. FC Köln 25/26 - Statistiken

Allgemein
  • Dieses Quiz wurde 78 mal gespielt
  • Das Durchschnittsergebnis liegt bei 19 aus 29
Antwortstatistiken
Position Spieler % Korrekt
TW Marvin Schwäbe
100%
LA Said El Mala
93%
ST Malek El Mala
91%
IV Timo Hübers
91%
TW Ron-Robert Zieler
89%
RA Jan Thielmann
84%
ST Ragnar Ache
84%
ZDM Eric Martel
80%
ZOM Florian Kainz
80%
RV Sebastian Sebulonsen
80%
IV Joël Schmied
78%
IV Dominique Heintz
73%
LA Jakub Kaminski
73%
ZM Tom Krauß
73%
ZM Denis Huseinbasic
71%
LA Linton Maina
71%
ZM Ísak Jóhannesson
67%
LV Kristoffer Lund
67%
TW Matthias Köbbing
65%
ST Luca Waldschmidt
62%
IV Rav van den Berg
62%
RV Jusuf Gazibegovic
60%
IV Luca Kilian
60%
IV Cenk Özkacar
49%
RM Alessio Castro-Montes
36%
LA Marius Bülter
33%
IV Neo Telle
31%
ZM Emin Kujovic
20%
ZDM Fayssal Harchaoui
18%
Keine übereinstimmenden Quizze gefunden
Verteilung der Resultate
Anzahl Personen mit jedem Resultat
Perzentil nach korrekt beantworteten Fragen
Ihre Resultats-Entwicklung
Sie haben dieses Quiz noch nicht gespielt